00750nam a22002177a 450000500170000001000150001702000270003202000240005903500130008303700130009608200110010924500670012026000450018727000630023230000280029550000190032370000220034294200250036499900170038995201260040620141201153432.0 aENG-111222 a9780199450688c1195.00 a0199450684c1195.00 aEN-94754 bDBAD/PUB a181.46 aDebating Vivekananda :cedited by A. Raghuramarajuba reader / aNew DelhibOxford University Pressc2014 aYMCA Library building, 1 Jai Singh RoadbNew Delhie110001 axxviii, 514p.c24cm(Hb) aIncludes index aRaghuramaraju, A. 2ddccENmDEBh181.46 c90028d90028 001040718NFICaDBADbDBADd2014-11-13eDBAD/PUBg1195.00l0o181.46 DEBpEN-94754r2014-11-13 00:00:00t1v1195.00yEN